000 00216nam a2200097Ia 4500
008 240331s9999 xx 000 0 und d
082 _bUYA
100 _aUyangoda,J
245 0 _aKiri kattiye gewena jeewitha
942 _cL
999 _c5278
_d5278